Quizzes
Events
Quiz Creation
Community
Videos
Private Events
Remove Ads
Sign In
Join for FREE
Feedback
Dark Mode
Quiz Categories
Sports
Geography
Music
Movies
Television
Just For Fun
Miscellaneous
History
Literature
Language
Science
Gaming
Entertainment
Religion
Holiday
For Kids
Quiz Lab
Recent
Popular Today
Quiz Kudos Today
Editor Picks
Curator Picks
Quizzes by...
Day
Popularity
Type
Ratings
Length
Year
Community
Subscriptions
Recent Discussions
Orange Saloon
Badges
Playlists
Quests
Create
Leaderboards
Showdown
Live 5
Trivia Bingo
Activity
Puzzle Library
Sporcle Events
Private Events
Virtual Trivia
Globe League
Become a Host
Pub Owners
SporcleCon
Opinionation
Our Games
Videos
Blog
Mobile Apps
Partnerships
Remove Ads and Go Orange
Feedback
Entertainment
Celebrity
Famous
Musical
Broadway
Show
Quote
Comic Books
Anime
Superhero
DC Comics
Marvel
Cartoons
Animation
Entertainment
Celebrity
Famous
Musical
Broadway
Show
Quote
Comic Books
Anime
Superhero
DC Comics
Marvel
Cartoons
Animation
Random Quiz
Search Sporcle
×
Quiz Lab
Quiz Lab
Entertainment
Disney
Type in answers that appear in a list
Type in answers that appear in a list
Classic
Best Score? Go Orange.
Finish the Lyric (Disney) Stats
Can you name the Finish the Lyric (Disney)?
By
sblumert13
6m
20 Questions
813 Plays
813 Plays
813 Plays
Comments
Comments
Give Quiz Kudos
Give Quiz Kudos
-
- Ratings
hide this ad
Replay
Link that replays current quiz
Next Quiz
Link to next quiz in quiz playlist
You Got
0%
They Got
Avg Score
47%
Avg Friend Score
Upgrade to see
Score Distribution
Jump to the score distribution portion of the page
Score
0/20
Timer
06:00
0
Plays Today
Start
End
% Correct
Be our guest, be our guest...
put our service to the test.
90.8%
Heigh ho, heigh ho...
it's off to work we go.
75.5%
I know you...
I walked with you once upon a dream.
71.6%
Tell me, princess, now when did you...
last let your heart decide.
70.2%
Cruella De Vil, Cruella De Vil...
if she doesn't scare you, no evil thing will.
69.8%
When you wish upon a star...
makes no difference who you are.
65.2%
I will find my way...
I can go the distance.
61.5%
A dream is a wish your heart makes...
when you're fast asleep.
61.2%
Up on the shore they work all day...
out in the sun they slave away.
53%
Everybody wants to be a cat...
because a cat's the only cat who knows where it's at.
52.4%
Start
End
% Correct
We must be swift as the coursing river...
with all the force of a great typhoon.
48.6%
Have you ever heard the wolf cry to the blue corn moon...
or asked the grinning bobcat why he grinned?
46.1%
From the day we arrive on the planet...
and blinking step into the sun.
45.6%
I wanna know, can you show me...
I wanna know about these strangers like me.
38%
You see it's true, an ape like me...
can learn to be human too.
29.6%
Look out! Look out...
pink elephants on parade.
23.3%
Oh this is the night, it's a beautiful night...
and we call it bella notte.
19.2%
The second star to the right...
shines in the night for you.
17.6%
I give myself very good advice...
but I very seldom follow it.
16.8%
Like the voice of a heavenly choir...
love's sweet music flows on.
2%
Quiz Playlist
Details
Report
Send in Message
Add To Playlist
Classic:
Type in answers that appear in a list
Last Updated: Feb 16, 2017
Quiz Scoreboard
CHALLENGE
Sign Up to Join the Scoreboard
Show All
Scores
Hide
Comments
May contain spoilers
Recently Published
Movies - When Are They Set?
by FPL_Elf
Movies
5m
Popular People in 1961
by mucciniale
History
6m
1-10 Letter E Words III
by El_Dandy
Language
2m
More to Explore
Quiz From the Vault
Featured Blog Post
Where Did the Easter Bunny Come From?
hide this ad
You Might Also Like...
Tags
Disney Quiz
Lyrics Quiz
finish
Today's Top Quizzes in Entertainment
Browse Entertainment
hide this ad
Today's Top Quizzes in Disney
Browse Disney
Top Contributed Quizzes in Entertainment
1
Kamen Rider Motifs
2
Dragon Ball Z: Goku's Fights in Order
3
Dragon Ball Z: Mega Character Search
4
One Piece Arcs By Order III
5
Marvel Characters Bunker
6
Criteria Quickie: Cartoon Taxonomy II
7
Undead Unluck Minefield
8
Survivor Winners Logic Quiz
9
JoJo's Bizarre Logic Quiz
10
Ana Gasteyer or Kathryn Hahn?
Explore More
Trending Topics
Anime
Harry Potter
NBA
Crossword
Marvel
Disney
Kpop
Song
The Office
Country
WWE
NFL
Puzzle
Pokémon
Soccer
hide this ad
More By:
sblumert13
Quiz
Plays
Rating
Category
Featured
Created
Figure out the Lyrics (Non-Disney)
1,099
2.33
Entertainment
Apr 3, 2011
Finish the Lyric (Disney)
813
2.80
Entertainment
Apr 3, 2011
Disney Quotes
290
4.00
Entertainment
Apr 2, 2011
Opening Lines - Novels
79
Literature
Apr 13, 2011
Go to Creator's Profile
Score Distribution
Quiz Creator Spotlight
sblumert13
Follow
Send a Message
Quizzes Created
-
Created Quiz Play Count
-
More By This Creator
Popular Quizzes Today
1
Find the Countries of Europe - No Outlines Minefield
2
Find the US States - No Outlines Minefield
3
The Countries of the World
4
Popular People in 1961
5
1-10 Letter E Words III
6
US States
7
Find the US States
8
One Thing in Common: World Cities II
More Entertainment Quizzes
AI Marvel Cook Omelettes
Editor's Pick
Trending Quizzes
Risky Map Clicking: Least Populous States A-Z
1-10 Letter F Words
Humor Books: The Subtitles
1-10 Letter G Words
One Thing in Common: United Kingdom
Recently Updated
Leaping Animals
pecheneg
Reality TV Shows (A-Z)
bhenderson79
Rickey Henderson's Hall of Fame Teammates
pecheneg
Champions League XIs: Arsenal
pecheneg
Quick Pick: Celebrities in WWE's Hall of Fame
aduchscher
A-Z Keypad Blitz II
pecheneg
Multiple Oscar Actors
pecheneg
Mystery Phrase Blitz: Oscar 'Best Actors'
pecheneg
F. Scott Fitzgerald Novels
LTH
Pick 3 Villains
ddd62291
Trending Topics
Crossword
NBA
Disney
Kpop
Anime
Marvel
Harry Potter
Puzzle
The Office
Country
NFL
Song
WWE
Pokémon
Soccer
Your Account Isn't Verified!
In order to create a playlist on Sporcle, you need to verify the email address you used during registration. Go to your
Sporcle Settings
to finish the process.
Report this User
Report this user for behavior that violates our
Community Guidelines
.
Details:
Send Report
Go to the Sporcle.com Mobile Site →
Comments